| 000 | 00890nam a2200217Ia 4500 | ||
|---|---|---|---|
| 999 |
_c39440 _d39440 |
||
| 001 | 6031 | ||
| 003 | GE_BSU | ||
| 005 | 20190906103706.0 | ||
| 008 | 181216s1973||||ge |||||||||||||| ||geo|| | ||
| 040 | _cGE_BSU | ||
| 041 | _ageo | ||
| 080 | _a821.353.1-31 ა-26 | ||
| 100 |
_aადამია, ალიო _93893 |
||
| 245 |
_aდიდი და პატარა ეკატერინე : _bრომანი / _cალიო ადამია ; რედ. რ. ორჯონიკიძე. |
||
| 264 |
_aთბილისი : _bსაბჭოთა საქართველო ; _c1973. |
||
| 300 |
_a480 გვ. : _bფოტო ; _c17 სმ. |
||
| 653 | _aდიდი და პატარა ეკატერინე | ||
| 653 | _aრომანი | ||
| 700 |
_aორჯონიკიძე, რ. _eრედაქტორი _93903 |
||
| 942 |
_cBK _2udc |
||